Archbold 2011 second supplement to the 2011 edition / (Record no. 763)
| 000 -LEADER | |
|---|---|
| fixed length control field | 00538nam a22001817a 4500 |
| 003 - CONTROL NUMBER IDENTIFIER | |
| control field | OSt |
| 005 - DATE AND TIME OF LATEST TRANSACTION | |
| control field | 20140116120837.0 |
| 008 - FIXED-LENGTH DATA ELEMENTS--GENERAL INFORMATION | |
| fixed length control field | 111029t xxu||||| |||| 00| 0 eng d |
| 022 ## - INTERNATIONAL STANDARD SERIAL NUMBER | |
| Source | 9780414043640 |
| 040 ## - CATALOGING SOURCE | |
| Language of cataloging | English |
| 050 ## - LIBRARY OF CONGRESS CALL NUMBER | |
| Classification number | KD8329.A73 2011 SUPP.NO.2 |
| 245 ## - TITLE STATEMENT | |
| Title | Archbold 2011 second supplement to the 2011 edition / |
| Statement of responsibility, etc | P.J. Richardson, editor . |
| 260 ## - PUBLICATION, DISTRIBUTION, ETC. (IMPRINT) | |
| Place of publication, distribution, etc | London : |
| Name of publisher, distributor, etc | Sweet and Maxwell/ Thomson Reuters , |
| Date of publication, distribution, etc | 2011 . |
| 300 ## - PHYSICAL DESCRIPTION | |
| Extent | lvii, 882 p. |
| 500 ## - GENERAL NOTE | |
| General note | Includes index |
| 700 ## - ADDED ENTRY--PERSONAL NAME | |
| Personal name | Richardson, P. J. |
| 942 ## - ADDED ENTRY ELEMENTS (KOHA) | |
| Source of classification or shelving scheme | |
| Koha item type | Book |
| Withdrawn status | Lost status | Source of classification or shelving scheme | Damaged status | Not for loan | Home library | Current library | Date acquired | Source of acquisition | Total Checkouts | Full call number | Barcode | Date last seen | Copy number | Price effective from | Koha item type |
|---|---|---|---|---|---|---|---|---|---|---|---|---|---|---|---|
| Riara University Library | Riara University Library | 29/10/2011 | Purchase | KD8329.A73 2011 SUPP.NO.2 | 546/11 | 29/10/2011 | C.1 | 29/10/2011 | Book | ||||||
| Riara University Library | Riara University Library | 29/10/2011 | Purchase | KD8329.A73 2011 SUPP.NO.2 | 544/11 | 29/10/2011 | C.2 | 29/10/2011 | Book | ||||||
| Riara University Library | Riara University Library | 29/10/2011 | Purchase | KD8329.A73 2011 SUPP.NO.2 | 542/11 | 29/10/2011 | C.3 | 29/10/2011 | Book |
